000 00976aam a2200301 i 4500
001 768714001
003 CO-MdFUSB
005 20240222162656.0
007 ta
008 240222t1938 -us |||| |||| 00| 0 eng d
040 _cCO-MdFUSB
041 0 _aeng
082 0 4 _a264.23
_223
_bW314h
100 1 _aWashburn, Charles C.
_eautor
245 1 0 _aHymn interpretations
_c/ Charles C. Washburn
264 1 _bAbingdon Cokesbury Press,
_aNew York, N.Y., USA :
_c[1938]
264 4 _c©1938
300 _a119 páginas
_c; 20 cm
336 _atexto
_btxt
_2rdacontent
337 _2rdamedia
_asin mediación
_bn
338 _2rdacarrier
_avolumen
_bnc
504 _aAdoración. -- Dios -- Jesucristo. -- El evangelio. -- El Espíritu Santo. -- La vida cristiana. -- Himnos para niños. -- El reino de Dios. -- La vida eterna. -- Temporada especial.
563 _aPasta dura
653 _aHimnos religiosos
942 _cBK
945 _aJTF-925
999 _c39559
_d39559